MARC

LEADER 00000nam0a2200000 4500
001 22059
005 20231030194516.0
010 |a 0486264769 
035 |a (RuTPU)RU\TPU\book\22271 
035 |a BOOK00000033 
090 |a 22059 
100 |a 20011209d1990 m y0engy50 ba 
101 0 |a eng 
102 |a US 
105 |a y j 000ay 
200 1 |a Arms and the Man  |f G. B. Shaw 
210 |a New York  |c Dover Publications  |d 1990 
215 |a 56 p. 
610 1 |a английский язык 
610 1 |a учебные пособия 
610 1 |a книги для чтения 
610 1 |a хрестоматии 
610 1 |a художественная литература 
686 |a Ш143.21-923.8  |v LBC/SL-A  |2 rubbk 
700 1 |a Shaw  |b G. B.  |g George Bernard 
801 0 |a XX  |b 63413507  |c 20011209  |g PSBO 
801 2 |a RU  |b 63413507  |c 20110516  |g PSBO 
942 |c BK